| 000 | 00555nam a2200205Ia 4500 | ||
|---|---|---|---|
| 001 | 251 | ||
| 005 | 20251205092109.0 | ||
| 008 | 251203t1947||||xx |||||||||||||| ||spa|| | ||
| 041 | _aESP | ||
| 082 |
_a918.5 _bM64 |
||
| 100 |
_aMiró Quesada Sosa, Aurelio, _cAUT |
||
| 245 | 0 | _aCosta, sierra y montaña | |
| 250 | _aSegunda edición aumentada | ||
| 260 |
_aLima : _bEditorial Cultura Antártica, _c1947 |
||
| 300 |
_a430 páginas : _b _c 24 cm. |
||
| 650 | _aGEH | ||
| 653 | _aPerú - Descripciones y viajes | ||
| 654 | _aCTP | ||
| 942 |
_cLIB _dJUS _fMAT _2ddc |
||
| 999 |
_c251 _d251 |
||